[Event "8e Festival de Vaujany 2017 - principal"]
[Site "Vaujany"]
[Date "2017.07.14"]
[Round "2.5"]
[White "Van Osch, Mees"]
[Black "Brunner, Nicolas"]
[Result "1-0"]
[WhiteElo "2319"]
[BlackElo "2480"]
[PlyCount "79"]
[EventDate "2017.07.13"]
[EventRounds "9"]
[EventCountry "FRA"]

1. e4 c5 2. Nf3 e6 3. d4 cxd4 4. Nxd4 Nc6 5. Nc3 Qc7 6. Be3 a6 7. Qd2 Nf6 8. f4
Bb4 9. Bd3 d5 10. e5 Nd7 11. a3 Be7 12. O-O O-O 13. Rae1 Nc5 14. Qf2 Nxd3 15.
cxd3 f6 16. Nxc6 bxc6 17. Bc5 fxe5 18. Bxe7 Qxe7 19. Rxe5 Rb8 20. Na4 Rb5 21.
d4 Qb7 22. Nc5 Qb8 23. b3 Rxc5 24. dxc5 Qxb3 25. Qe3 Qc4 26. f5 d4 27. Qe4 exf5
28. Qxc6 d3 29. Qd5+ Qxd5 30. Rxd5 Be6 31. Rd6 Bc4 32. Rc1 Bb5 33. c6 Kf7 34.
c7 Ke7 35. Rd4 Rc8 36. Kf2 g5 37. Ke3 f4+ 38. Kd2 h6 39. a4 Bd7 40. Re1+ 1-0

[Event "8e Festival de Vaujany 2017 - principal"]
[Site "?"]
[Date "2017.07.14"]
[Round "2.6"]
[White "Van Foreest, Lucas"]
[Black "Collas, Silvia"]
[Result "1/2-1/2"]
[WhiteElo "2473"]
[BlackElo "2296"]
[PlyCount "38"]

1. e4 c5 2. Nf3 e6 3. d4 cxd4 4. Nxd4 a6 5. c4 Nf6 6. Nc3 Qc7 7. Bd3 Nc6 8.
Nxc6 dxc6 9. f4 e5 10. O-O Bg4 11. Be2 Rd8 12. Qe1 Bc5+ 13. Kh1 Bd4 14. Bxg4
Nxg4 15. Qh4 Nf2+ 16. Rxf2 Bxc3 17. Be3 Bd4 18. Bxd4 Rxd4 19. f5 f6 1/2-1/2

[Event "8e Festival de Vaujany 2017 - principal"]
[Site "Vaujany"]
[Date "2017.07.14"]
[Round "2.7"]
[White "Ratsma, Midas"]
[Black "Gazik, Viktor"]
[Result "0-1"]
[WhiteElo "2209"]
[BlackElo "2462"]
[PlyCount "54"]
[EventDate "2017.07.13"]
[EventRounds "9"]
[EventCountry "FRA"]

1. e4 c5 2. Nf3 d6 3. c3 Nf6 4. Be2 Nc6 5. d4 cxd4 6. cxd4 Nxe4 7. d5 Qa5+ 8.
Nc3 Nxc3 9. bxc3 Ne5 10. Nxe5 Qxc3+ 11. Qd2 Qxd2+ 12. Bxd2 dxe5 13. Rb1 b6 14.
O-O Bd7 15. f4 e6 16. dxe6 Bc5+ 17. Kh1 Bxe6 18. Bb5+ Kf8 19. f5 Bxa2 20. Ra1
Bd5 21. f6 Rg8 22. Rfd1 Bb3 23. Rdb1 Be6 24. Bc6 Rc8 25. Bb7 Rc7 26. Rxa7 gxf6
27. Rba1 Kg7 0-1

[Event "8e Festival de Vaujany 2017 - principal"]
[Site "Vaujany"]
[Date "2017.07.14"]
[Round "2.8"]
[White "Loiseau, Quentin"]
[Black "Frederic, Clement"]
[Result "1-0"]
[WhiteElo "2424"]
[BlackElo "2198"]
[PlyCount "57"]
[EventDate "2017.07.13"]
[EventRounds "9"]
[EventCountry "FRA"]

1. d4 f5 2. c4 Nf6 3. Nc3 d6 4. g3 g6 5. Bg2 Bg7 6. Nh3 e5 7. dxe5 dxe5 8.
Qxd8+ Kxd8 9. b3 h6 10. Ba3 Nbd7 11. e4 c6 12. O-O-O Ne8 13. Rhe1 Kc7 14. Kc2
Nf8 15. f4 fxe4 16. Nxe4 Bg4 17. Rd3 exf4 18. Nc5 Bf6 19. Nxf4 g5 20. Nfe6+
Nxe6 21. Nxe6+ Kc8 22. Kc1 Nc7 23. Nxc7 Kxc7 24. Bd6+ Kc8 25. h3 Bd7 26. Rf1
Bd8 27. Rf7 Be8 28. Be4 Bd7 29. Rxd7 1-0

[Event "8e Festival de Vaujany 2017 - principal"]
[Site "Vaujany"]
[Date "2017.07.14"]
[Round "2.9"]
[White "Ratsma, Rosa"]
[Black "Godart, Francois"]
[Result "1-0"]
[WhiteElo "2194"]
[BlackElo "2411"]
[PlyCount "65"]
[EventDate "2017.07.13"]
[EventRounds "9"]
[EventCountry "FRA"]

1. e4 e6 2. Qe2 Be7 3. d3 d5 4. Nf3 Nf6 5. g3 c5 6. Bg2 b5 7. O-O Nc6 8. Re1
O-O 9. e5 Nd7 10. Bf4 Bb7 11. h4 Rc8 12. h5 h6 13. Nbd2 Qb6 14. c3 Qa6 15. Nf1
d4 16. Qd2 dxc3 17. bxc3 Rfd8 18. Bxh6 gxh6 19. Qxh6 Bf8 20. Qg5+ Kh7 21. Qf4
Kg8 22. h6 Ne7 23. Ng5 Nf5 24. h7+ Kg7 25. h8=Q+ Kxh8 26. Nxf7+ Kh7 27. Bxb7
Qxb7 28. Ng5+ Kg6 29. Nxe6 Nh6 30. Qg5+ Kh7 31. Nxd8 Qb6 32. e6 Rxd8 33. e7 1-0

[Event "8e Festival de Vaujany 2017 - principal"]
[Site "?"]
[Date "2017.07.14"]
[Round "2.10"]
[White "Skomorokhin, Roman"]
[Black "Bandet, Raphael"]
[Result "1/2-1/2"]
[WhiteElo "2390"]
[BlackElo "2179"]
[PlyCount "88"]

1. d4 Nf6 2. Nf3 g6 3. Bf4 c5 4. e3 Qb6 5. Nc3 d6 6. Bb5+ Bd7 7. a4 a6 8. a5
Qc7 9. Bxd7+ Nbxd7 10. O-O Bg7 11. h3 O-O 12. Qe2 Rfb8 13. Bh2 b6 14. axb6 Rxb6
15. Na4 Rb5 16. c3 Rab8 17. e4 cxd4 18. cxd4 e5 19. dxe5 dxe5 20. Nd4 Rb4 21.
Nf3 Qb7 22. Nc3 Nxe4 23. Qxa6 Qxa6 24. Rxa6 Nec5 25. Ra5 f6 26. Nd1 Na4 27. g4
Nxb2 28. Nxb2 Rxb2 29. g5 R2b5 30. Rxb5 Rxb5 31. gxf6 Bxf6 32. Rd1 Nf8 33. Re1
Nd7 34. Rd1 Nb6 35. Rd6 Kf7 36. Bxe5 Bxe5 37. Nxe5+ Rxe5 38. Rxb6 h5 39. Kg2
Re6 40. Rb4 Kf6 41. Kg3 Kf5 42. Rf4+ Ke5 43. Rf8 Ra6 44. f3 Ra4 1/2-1/2

[Event "8e Festival de Vaujany 2017 - principal"]
[Site "?"]
[Date "2017.07.14"]
[Round "2.11"]
[White "Pierecker, Markus"]
[Black "Piceu, Tom"]
[Result "0-1"]
[WhiteElo "2179"]
[BlackElo "2378"]
[PlyCount "60"]

1. Nf3 Nf6 2. c4 g6 3. Nc3 Bg7 4. e4 d6 5. d4 O-O 6. Be2 Nbd7 7. O-O e5 8. d5
Nc5 9. Qc2 a5 10. Bg5 h6 11. Bh4 g5 12. Bg3 Nh5 13. Nd2 Nf4 14. Rfe1 h5 15. f3
g4 16. fxg4 hxg4 17. Nb3 b6 18. Nxc5 bxc5 19. Qd1 Qg5 20. Nb5 Rb8 21. b3 Qg6
22. Bd3 Rb7 23. Qc2 Nh5 24. Rf1 Bh6 25. Rae1 Bg5 26. Qf2 Nf4 27. Qc2 Qh6 28. a4
Kg7 29. Qd1 Rh8 30. Bc2 Bh4 0-1

[Event "8e Festival de Vaujany 2017 - principal"]
[Site "?"]
[Date "2017.07.14"]
[Round "2.12"]
[White "Lysenko, Ivan"]
[Black "Joie, Sebastien"]
[Result "0-1"]
[WhiteElo "1703"]
[BlackElo "2376"]
[PlyCount "96"]

1. d4 Nf6 2. c4 c5 3. d5 b5 4. cxb5 a6 5. b6 e6 6. Nc3 exd5 7. Nxd5 Nxd5 8.
Qxd5 Nc6 9. Nf3 Be7 10. e3 Rb8 11. Bc4 O-O 12. O-O Rxb6 13. Rd1 d6 14. Qe4 Bf6
15. Qf4 Ne5 16. Bd5 Qe7 17. Rb1 h5 18. b3 Rb4 19. e4 Nxf3+ 20. gxf3 Kh7 21. Bc4
Rb6 22. Kh1 Be5 23. Qg5 Qxg5 24. Bxg5 Be6 25. Rbc1 Ra8 26. f4 Bd4 27. Bh4 Bg4
28. Re1 Bf3+ 29. Kg1 Re8 30. Bd3 g6 31. h3 Rbb8 32. Kh2 d5 33. e5 c4 34. bxc4
Rb2 35. cxd5 Bxd5 36. Re2 Reb8 37. Rec2 Rxc2 38. Bxc2 Bxa2 39. Bd3 a5 40. Rc2
Be6 41. Be7 Rb3 42. Rd2 Bc3 43. Rd1 Rb7 44. Bf6 Rd7 45. Rb1 Rxd3 46. Rb8 g5 47.
f3 Rxf3 48. f5 Bxf5 0-1

[Event "8e Festival de Vaujany 2017 - principal"]
[Site "?"]
[Date "2017.07.14"]
[Round "2.13"]
[White "Collas, Didier"]
[Black "Decrop, Benjamin"]
[Result "1/2-1/2"]
[WhiteElo "2376"]
[BlackElo "2177"]
[PlyCount "68"]

1. e4 c5 2. Nf3 e6 3. d4 cxd4 4. Nxd4 Nc6 5. Nc3 Qc7 6. Be3 a6 7. Qf3 Bd6 8.
O-O-O Be5 9. g3 Nge7 10. Qe2 O-O 11. f4 Bxd4 12. Bxd4 Nxd4 13. Rxd4 e5 14. fxe5
Nc6 15. Rd6 Nxe5 16. Qd2 Re8 17. Be2 b5 18. a3 Bb7 19. Rd1 Bc6 20. Qd4 Rac8 21.
Kb1 a5 22. Rd2 b4 23. axb4 axb4 24. Qxb4 Rb8 25. Qc5 Qb7 26. b3 Bxe4 27. Nxe4
Qxe4 28. Kb2 Ra8 29. Qd5 Qb4 30. Ra6 Rac8 31. Qd4 Qb7 32. Qd5 Qb4 33. Qd4 Qb7
34. Qd5 Qb4 1/2-1/2

[Event "8e Festival de Vaujany 2017 - principal"]
[Site "Vaujany"]
[Date "2017.07.14"]
[Round "2.14"]
[White "Gazik, Igor"]
[Black "Williams, Johann"]
[Result "1-0"]
[WhiteElo "2273"]
[BlackElo "1951"]
[PlyCount "51"]
[EventDate "2017.07.13"]
[EventRounds "9"]
[EventCountry "FRA"]

1. e4 c5 2. Nf3 d6 3. d4 cxd4 4. Nxd4 Nf6 5. Nc3 a6 6. Bg5 Nbd7 7. f4 Qc7 8.
Qd2 e6 9. O-O-O Be7 10. g4 b5 11. Bxf6 Nxf6 12. g5 Nd7 13. Nf5 exf5 14. Nd5 Qd8
15. exf5 O-O 16. Re1 Ne5 17. f6 gxf6 18. gxf6 Bxf6 19. Nxf6+ Qxf6 20. fxe5 Qg6
21. Bd3 Qg7 22. Rhg1 Bg4 23. h3 h5 24. hxg4 hxg4 25. Bf5 g3 26. Re3 1-0

[Event "8e Festival de Vaujany 2017 - principal"]
[Site "?"]
[Date "2017.07.14"]
[Round "2.15"]
[White "Dudognon, Thibault"]
[Black "Kanzer, Romain"]
[Result "1/2-1/2"]
[WhiteElo "2201"]
[BlackElo "1846"]
[PlyCount "135"]

1. c4 c5 2. g3 Nc6 3. Bg2 d6 4. Nc3 g6 5. Nf3 Bg7 6. O-O e5 7. a3 Nge7 8. b4
Be6 9. bxc5 dxc5 10. Rb1 Rb8 11. d3 O-O 12. h3 b6 13. Bd2 f5 14. Qc1 Nd4 15.
Nxd4 exd4 16. Na2 Qd7 17. Bf4 Rbe8 18. Qc2 h6 19. h4 Kh7 20. a4 Nc6 21. Bd2 f4
22. Bxf4 Rxf4 23. gxf4 Bh3 24. f3 Bxg2 25. Kxg2 Qe7 26. Qd2 Qxh4 27. Rh1 Qf6
28. Kf1 Re3 29. Nc3 Rxf3+ 30. exf3 dxc3 31. Qe3 Nd4 32. Kg2 Qc6 33. a5 Nf5 34.
Qe4 Qa4 35. axb6 Qa2+ 36. Kh3 axb6 37. Rhg1 Qf2 38. Qc6 c2 39. Qxg6+ Kh8 40.
Qe8+ Kh7 41. Qg6+ Kh8 42. Qxf5 Qxf3+ 43. Kh4 cxb1=Q 44. Rxb1 Qf2+ 45. Kh5 Qh2+
46. Kg6 Qg2+ 47. Kf7 Qb7+ 48. Ke8 Qb8+ 49. Ke7 Qc7+ 50. Ke8 Qb8+ 51. Kd7 Qb7+
52. Kd6 Qb8+ 53. Ke7 Qc7+ 54. Qd7 Qxf4 55. Qd8+ Kh7 56. Kd7 Qd4+ 57. Kc8 Qxd8+
58. Kxd8 Kg6 59. Rxb6+ Kg5 60. Ke7 h5 61. Ke6 h4 62. Rb5 Bd4 63. Kd5 h3 64. Rb7
Kg4 65. Ke4 Kg3 66. Rb6 h2 67. Rg6+ Kf2 68. Rh6 1/2-1/2

[Event "8e Festival de Vaujany 2017 - principal"]
[Site "?"]
[Date "2017.07.14"]
[Round "2.16"]
[White "Fodor, Balazs"]
[Black "Keiman, Clemens"]
[Result "1-0"]
[WhiteElo "2117"]
[BlackElo "1836"]
[PlyCount "71"]

1. d4 d5 2. c4 c6 3. Nf3 Nf6 4. Nc3 dxc4 5. a4 e6 6. e3 c5 7. Bxc4 Nc6 8. O-O
Be7 9. Bb5 O-O 10. Bxc6 bxc6 11. Qc2 Qc7 12. dxc5 Bxc5 13. Bd2 Rb8 14. Rfc1 Bd7
15. Ne4 Be7 16. Bc3 Rfc8 17. Be5 Qb7 18. Bxb8 Rxb8 19. h3 Nxe4 20. Qxe4 Bf6 21.
Ne5 Be8 22. Rc2 g6 23. Rac1 Kg7 24. Nd3 Qb3 25. Rc4 Rd8 26. Ne5 Qxb2 27. Nxc6
Rd5 28. Qc2 Qb7 29. e4 Rg5 30. f4 Rg3 31. e5 Bh4 32. f5 Bg5 33. f6+ Kh6 34. Rb1
Qd7 35. Kh2 Rd3 36. Qf2 1-0

[Event "8e Festival de Vaujany 2017 - principal"]
[Site "?"]
[Date "2017.07.14"]
[Round "2.17"]
[White "Virag, Balint"]
[Black "Pelagatti, Alessandro"]
[Result "0-1"]
[WhiteElo "1922"]
[BlackElo "2115"]
[PlyCount "64"]

1. e4 e5 2. Nc3 Nf6 3. f4 d5 4. fxe5 Nxe4 5. Nf3 Be7 6. d4 Nxc3 7. bxc3 c5 8.
Bd2 Nc6 9. Bd3 O-O 10. O-O c4 11. Be2 Be6 12. Qe1 Kh8 13. Qg3 h6 14. h3 b5 15.
Nh2 Bh4 16. Qf3 Bg5 17. Bxg5 Qxg5 18. Ng4 b4 19. cxb4 Nxd4 20. Qf2 Nxc2 21.
Rab1 Bxg4 22. Bxg4 Ne3 23. Rfe1 Nxg4 24. hxg4 Qxg4 25. Rbd1 Qe6 26. Rd4 Rfd8
27. Kh1 a5 28. Re3 axb4 29. Rg3 Ra3 30. Rdg4 Rxg3 31. Qxg3 Re8 32. Rxg7 Qxe5
0-1

[Event "8e Festival de Vaujany 2017 - principal"]
[Site "?"]
[Date "2017.07.14"]
[Round "2.21"]
[White "De Vent, Rens"]
[Black "Suez-Panama, Gilles"]
[Result "0-1"]
[WhiteElo "1856"]
[BlackElo "2057"]
[PlyCount "32"]

1. e4 e6 2. d4 d5 3. Nd2 Nc6 4. Ngf3 Nf6 5. e5 Nd7 6. c4 dxc4 7. Nxc4 Nb6 8. a3
Be7 9. Bd3 Qd5 10. b3 Nxd4 11. Nxd4 Qxd4 12. Nd6+ Kf8 13. Nxf7 Qxa1 14. Nxh8
Qxe5+ 15. Kf1 Kg8 16. f4 Qc3 0-1

[Event "8e Festival de Vaujany 2017 - principal"]
[Site "?"]
[Date "2017.07.14"]
[Round "2.22"]
[White "Cherki, Thomas"]
[Black "Roche, Yves"]
[Result "1-0"]
[WhiteElo "2030"]
[BlackElo "1885"]
[PlyCount "51"]

1. e4 c5 2. Nf3 d6 3. d4 cxd4 4. Qxd4 a6 5. Bc4 e6 6. Bg5 Qc7 7. Bb3 Nc6 8. Qd2
Nge7 9. Nc3 Ng6 10. Rd1 Bd7 11. O-O b5 12. Nd4 h6 13. Be3 Na5 14. f4 Nxb3 15.
cxb3 Qb7 16. f5 Ne5 17. Bf4 Be7 18. fxe6 fxe6 19. Bxe5 dxe5 20. Nf3 b4 21. Ne2
Bb5 22. Nxe5 Qxe4 23. Nc4 Rd8 24. Qxd8+ Bxd8 25. Nd6+ Kd7 26. Nxe4+ 1-0

[Event "8e Festival de Vaujany 2017 - principal"]
[Site "?"]
[Date "2017.07.14"]
[Round "2.23"]
[White "Anton, Jose"]
[Black "Da Ces, Philippe"]
[Result "1/2-1/2"]
[WhiteElo "1845"]
[BlackElo "2019"]
[PlyCount "68"]

1. e4 d5 2. d4 dxe4 3. Nc3 c6 4. Nxe4 Bf5 5. Ng3 Bg6 6. Nf3 Nd7 7. Be2 e6 8.
O-O Ngf6 9. c3 Qc7 10. b4 a5 11. b5 c5 12. Ba3 Bd6 13. Re1 O-O 14. Nh4 cxd4 15.
Bxd6 Qxd6 16. Nxg6 hxg6 17. cxd4 Nb6 18. Bf3 Nbd5 19. Rc1 Rac8 20. Qd2 b6 21.
Ne4 Nxe4 22. Bxe4 Rfd8 23. g3 Nf6 24. Bf3 Rxc1 25. Rxc1 Qxd4 26. Qxd4 Rxd4 27.
Rc6 Nd5 28. Bxd5 exd5 29. Rxb6 Ra4 30. Rb8+ Kh7 31. Rd8 Rxa2 32. Rxd5 Rb2 33.
b6 Rxb6 34. Rxa5 f6 1/2-1/2

[Event "8e Festival de Vaujany 2017 - principal"]
[Site "?"]
[Date "2017.07.14"]
[Round "2.24"]
[White "Birovecz, Ben Jordan"]
[Black "Stambulian, Brice"]
[Result "1-0"]
[WhiteElo "1981"]
[BlackElo "1820"]
[PlyCount "71"]

1. e4 c5 2. Nf3 e6 3. g3 b6 4. Bg2 Bb7 5. Qe2 Qc7 6. O-O d6 7. d3 Nd7 8. c3
Ngf6 9. Nbd2 Rc8 10. a4 a6 11. d4 cxd4 12. cxd4 Be7 13. e5 Nd5 14. exd6 Bxd6
15. Ne4 N7f6 16. Nxd6+ Qxd6 17. Bd2 Rc2 18. Ne5 O-O 19. Rac1 Rfc8 20. Rxc2 Rxc2
21. Rc1 Rxc1+ 22. Bxc1 Qb4 23. Qc4 Qe1+ 24. Bf1 Ne4 25. Nd3 Qd1 26. Nf4 Nxf4
27. Bxf4 Nd2 28. Bxd2 Qf3 29. d5 h6 30. Qd3 Qd1 31. dxe6 fxe6 32. Qd8+ Kh7 33.
Qd3+ Kg8 34. Bc3 Qg4 35. Qd8+ Kh7 36. Qe7 1-0

[Event "8e Festival de Vaujany 2017 - principal"]
[Site "?"]
[Date "2017.07.14"]
[Round "2.25"]
[White "Patole, Noam"]
[Black "Geher, Koppany"]
[Result "0-1"]
[WhiteElo "1778"]
[BlackElo "1973"]
[PlyCount "134"]

1. e4 c5 2. Nf3 e6 3. d4 cxd4 4. Nxd4 Nc6 5. Nc3 Qc7 6. Be2 a6 7. O-O Nf6 8.
Be3 Bb4 9. Na4 Be7 10. Nxc6 bxc6 11. Nb6 Rb8 12. Nxc8 Qxc8 13. e5 Nd5 14. Bc1
Bc5 15. c4 Ne7 16. b3 Qc7 17. Bb2 d6 18. exd6 Bxd6 19. h3 Be5 20. Qc2 Bxb2 21.
Qxb2 O-O 22. Rad1 c5 23. Bg4 Nc6 24. Qc3 a5 25. Qg3 Qxg3 26. fxg3 Nd4 27. Rfe1
Rfd8 28. Kf2 g6 29. Bf3 Rb4 30. Re3 a4 31. Rd2 Rdb8 32. bxa4 Rxa4 33. Rc3 Rbb4
34. Bd1 Rxc4 35. Rb3 Nxb3 36. axb3 Rd4 37. Rc2 Ra5 38. Be2 Kf8 39. Ke3 e5 40.
Bc4 Ke7 41. g4 f5 42. gxf5 gxf5 43. g3 Kf6 44. Kf3 h5 45. h4 f4 46. gxf4 Rxf4+
47. Kg3 Rg4+ 48. Kh3 Ra1 49. Kh2 Rxh4+ 50. Kg3 Rg4+ 51. Kf3 Rag1 52. Rh2 R1g3+
53. Kf2 h4 54. Be2 Rf4+ 55. Ke1 Rxb3 56. Kd2 e4 57. Kc2 Rg3 58. Kd2 e3+ 59. Kd3
Rd4+ 60. Kc3 Rd2 61. Kc4 h3 62. Kxc5 Rg2 63. Rxh3 Rdxe2 64. Kd4 Re1 65. Rf3+
Kg5 66. Rxe3 Rxe3 67. Kxe3 Rg4 0-1

[Event "8e Festival de Vaujany 2017 - principal"]
[Site "Vaujany"]
[Date "2017.07.15"]
[Round "3.1"]
[White "Bauer, Christian"]
[Black "Loiseau, Quentin"]
[Result "1-0"]
[WhiteElo "2639"]
[BlackElo "2424"]
[PlyCount "89"]
[EventDate "2017.07.13"]
[EventRounds "9"]
[EventCountry "FRA"]

1. c4 c6 2. Nf3 d5 3. e3 Nf6 4. Qc2 e6 5. b3 Bd6 6. Bb2 O-O 7. Be2 b6 8. Rg1
Na6 9. a3 Bb7 10. g4 Re8 11. g5 Nd7 12. h4 e5 13. Nc3 Rc8 14. h5 g6 15. hxg6
fxg6 16. b4 Nc7 17. Qb3 Kg7 18. Rd1 Qe7 19. d4 e4 20. Nd2 Qf7 21. Rg2 Kg8 22.
b5 cxb5 23. cxd5 Bf8 24. Rg3 b4 25. axb4 Nxd5 26. Ncxe4 Bxb4 27. Kf1 a5 28. Kg1
Rf8 29. Bg4 Rcd8 30. Nf3 Nf4 31. d5 Ne2+ 32. Kg2 Nxg3 33. fxg3 Nc5 34. Nf6+
Qxf6 35. Bxf6 Rxf6 36. Qc2 Rff8 37. e4 a4 38. Rd4 Ba5 39. Rxa4 Rxf3 40. Kxf3
Nxa4 41. Be6+ Kh8 42. Qxa4 Rf8+ 43. Kg2 h6 44. Qa3 Re8 45. Qf3 1-0

[Event "8e Festival de Vaujany 2017 - principal"]
[Site "Vaujany"]
[Date "2017.07.15"]
[Round "3.2"]
[White "Piceu, Tom"]
[Black "Lagarde, Maxime"]
[Result "0-1"]
[WhiteElo "2378"]
[BlackElo "2603"]
[PlyCount "110"]
[EventDate "2017.07.13"]
[EventRounds "9"]
[EventCountry "FRA"]

1. d4 g6 2. c4 Bg7 3. Nc3 d6 4. e4 Nd7 5. f4 e5 6. fxe5 dxe5 7. d5 c6 8. Nf3
Bh6 9. Bd3 Nc5 10. O-O f6 11. Kh1 Bxc1 12. Rxc1 Nxd3 13. Qxd3 Nh6 14. c5 O-O
15. b4 Nf7 16. Rfd1 a6 17. Na4 cxd5 18. Nb6 dxe4 19. Qxd8 Nxd8 20. Nxa8 exf3
21. gxf3 Nc6 22. Nb6 Bh3 23. Nd5 Nd4 24. a4 Bd7 25. c6 bxc6 26. Nc7 Bc8 27. Kg2
Kf7 28. Rc5 Ke7 29. b5 axb5 30. axb5 cxb5 31. Nxb5 Ne6 32. Rc6 h5 33. Rb6 f5
34. Nd6 Nf4+ 35. Kf2 Be6 36. Rb7+ Kf6 37. h4 g5 38. hxg5+ Kxg5 39. Rg1+ Kf6 40.
Ra1 Rg8 41. Ra4 Nd3+ 42. Ke3 Nc5 43. Raa7 Nxb7 44. Rxb7 Rh8 45. f4 h4 46. Rb2
h3 47. Rh2 Bd5 48. Nb5 Rb8 49. Nc3 Rb3 50. Kd3 Bg2 51. Kc2 Rxc3+ 52. Kxc3 exf4
53. Kd4 f3 54. Ke3 Ke5 55. Kf2 Ke4 0-1

[Event "8e Festival de Vaujany 2017 - principal"]
[Site "?"]
[Date "2017.07.14"]
[Round "3.4"]
[White "Joie, Sebatien"]
[Black "Maiorov, Nikita"]
[Result "0-1"]
[WhiteElo "2376"]
[BlackElo "2531"]
[PlyCount "71"]

1. Nf3 Nf6 2. g3 d5 3. Bg2 c6 4. O-O Bg4 5. Ne5 Be6 6. d4 g6 7. c3 Bg7 8. Nd2
O-O 9. Re1 Bf5 10. Qb3 Qc8 11. e4 dxe4 12. Nxe4 Bxe4 13. Bxe4 Nxe4 14. Rxe4 e6
15. Bf4 Na6 16. Nd3 Nc7 17. Bxc7 Qxc7 18. Rae1 Rad8 19. a4 b6 20. Qc4 Rd6 21.
Ne5 Qb7 22. b4 Rc8 23. h4 Rd5 24. Rf4 Rc7 25. Rfe4 a5 26. bxa5 Rxa5 27. Qb3 Ra6
28. R4e2 b5 29. axb5 cxb5 30. Rb1 Rb6 31. c4 Bxe5 32. c5 Bxd4 33. cxb6 Rc3 34.
Qxc3 Bxc3 35. Rxb5 Qa6 36. g4 0-1

[Event "8e Festival de Vaujany 2017 - principal"]
[Site "Vaujany"]
[Date "2017.07.15"]
[Round "3.5"]
[White "Gazik, Viktor"]
[Black "Ratsma, Rosa"]
[Result "1-0"]
[WhiteElo "2462"]
[BlackElo "2194"]
[PlyCount "65"]
[EventDate "2017.07.13"]
[EventRounds "9"]
[EventCountry "FRA"]

1. e4 c5 2. Nf3 d6 3. d4 cxd4 4. Nxd4 Nf6 5. Nc3 a6 6. h3 e6 7. g4 Nfd7 8. Bg2
Be7 9. Nce2 O-O 10. O-O Nc6 11. c3 Qc7 12. f4 b5 13. Be3 Bb7 14. Rc1 Nb6 15. b3
Rac8 16. Kh1 d5 17. f5 Ba3 18. f6 Bxc1 19. Qxc1 Nd7 20. exd5 Nxd4 21. Bxd4 e5
22. Bg1 Qd6 23. fxg7 Rfe8 24. Rd1 Qf6 25. c4 bxc4 26. bxc4 Qxg7 27. c5 Nb8 28.
Ng3 Red8 29. Nf5 Qf6 30. Rf1 Kh8 31. Nh6 Qg6 32. Nxf7+ Kg7 33. Nxe5 1-0

[Event "8e Festival de Vaujany 2017 - principal"]
[Site "?"]
[Date "2017.07.15"]
[Round "3.6"]
[White "Bandet, Raphael"]
[Black "Van Foreest, Lucas"]
[Result "1/2-1/2"]
[WhiteElo "2179"]
[BlackElo "2473"]
[PlyCount "73"]

1. e4 e6 2. d4 d5 3. Nd2 Be7 4. Ngf3 Nf6 5. e5 Nfd7 6. Bd3 c5 7. c3 b6 8. Qe2
a5 9. Nf1 Ba6 10. Bxa6 Nxa6 11. Ng3 Nc7 12. h4 b5 13. Nh5 g6 14. Ng3 h5 15. Ng5
b4 16. Qf3 Rf8 17. Nh7 Rh8 18. Ng5 Rf8 19. O-O c4 20. Nh7 Rh8 21. Ng5 Rf8 22.
b3 Nb6 23. Nh7 Rh8 24. Ng5 Rf8 25. Bd2 Nb5 26. Ne2 bxc3 27. Be3 Qc7 28. a4 Na3
29. Rxa3 Bxa3 30. Nxc3 Be7 31. Nb5 Qc6 32. Rc1 Rb8 33. Nh7 Rh8 34. Ng5 Rf8 35.
Nh7 Rh8 36. Ng5 Rf8 37. Nh7 1/2-1/2

[Event "8e Festival de Vaujany 2017 - principal"]
[Site "?"]
[Date "2017.07.15"]
[Round "3.7"]
[White "Decrop, Benjamin"]
[Black "Skomorokhin, Roman"]
[Result "0-1"]
[WhiteElo "2177"]
[BlackElo "2390"]
[PlyCount "70"]

1. e4 e6 2. d4 d5 3. Nd2 Nf6 4. e5 Nfd7 5. Bd3 c5 6. c3 Nc6 7. Ndf3 a5 8. Nh3
cxd4 9. cxd4 a4 10. O-O Nb6 11. Nfg5 g6 12. Nf3 Nb4 13. Bb1 Bd7 14. Bg5 Be7 15.
Bh6 Nc4 16. Qc1 Qb6 17. Nhg5 Nc6 18. Qf4 Nd8 19. h4 Bb5 20. h5 Na3 21. Nxf7
Nxf7 22. hxg6 Nxh6 23. g7 Rg8 24. Bxh7 Rxg7 25. Qxh6 Bf8 26. Bg6+ Kd7 27. bxa3
Bxf1 28. Rxf1 Rc8 29. Ng5 Re7 30. Qh3 Qxd4 31. Nxe6 Rxe6 32. Bf5 Qxe5 33. Rb1
b6 34. f4 Bc5+ 35. Kh1 Qxf5 0-1

[Event "8e Festival de Vaujany 2017 - principal"]
[Site "Vaujany"]
[Date "2017.07.15"]
[Round "3.8"]
[White "Collas, Silvia"]
[Black "Gazik, Igor"]
[Result "1-0"]
[WhiteElo "2296"]
[BlackElo "2273"]
[PlyCount "69"]
[EventDate "2017.07.13"]
[EventRounds "9"]
[EventCountry "FRA"]

1. Nf3 d6 2. d4 Nf6 3. c4 g6 4. Nc3 Bg7 5. e4 O-O 6. Be2 e5 7. O-O Nc6 8. d5
Ne7 9. b4 a5 10. Ba3 Nd7 11. bxa5 Rxa5 12. Bb4 Ra8 13. a4 Bh6 14. a5 f5 15. Nd2
Nf6 16. c5 Bxd2 17. Qxd2 Nxe4 18. Nxe4 fxe4 19. Rfe1 Kh8 20. cxd6 cxd6 21. Bd1
Bf5 22. g4 Bc8 23. Rxe4 Ng8 24. h3 b6 25. f4 Nf6 26. Rc4 Ba6 27. fxe5 Nxd5 28.
Qxd5 Bxc4 29. Qxc4 Qh4 30. Qd3 Qf2+ 31. Kh1 Rf4 32. Bc3 d5 33. Be2 Raf8 34. e6+
d4 35. e7 1-0

[Event "8e Festival de Vaujany 2017 - principal"]
[Site "Vaujany"]
[Date "2017.07.15"]
[Round "3.9"]
[White "Brunner, Nicolas"]
[Black "Montagard, Guillaume"]
[Result "1-0"]
[WhiteElo "2480"]
[BlackElo "2086"]
[PlyCount "73"]
[EventDate "2017.07.13"]
[EventRounds "9"]
[EventCountry "FRA"]

1. d4 d5 2. c4 c6 3. Nc3 Nf6 4. e3 a6 5. Qc2 Bg4 6. Nge2 g6 7. f3 Bc8 8. c5 e5
9. Bd2 Bg7 10. O-O-O O-O 11. dxe5 Nfd7 12. Na4 Nxe5 13. Nd4 Qe7 14. h3 f5 15.
Be2 Nbd7 16. Kb1 Rb8 17. g4 b5 18. cxb6 c5 19. Nb3 c4 20. Nd4 Nxb6 21. Nc3 Qb7
22. f4 Nc6 23. Nxc6 Qxc6 24. Bf3 Be6 25. Ka1 Kh8 26. g5 Nd7 27. Bc1 Nc5 28.
Nxd5 Na4 29. Nf6 Qb5 30. Rd6 c3 31. Rxe6 cxb2+ 32. Bxb2 Nxb2 33. Rb1 Qc4 34.
Qxc4 Nxc4 35. Rxb8 Rxb8 36. Rxa6 Nd2 37. Ra8 1-0

[Event "8e Festival de Vaujany 2017 - principal"]
[Site "?"]
[Date "2017.07.15"]
[Round "3.10"]
[White "Godart, Francois"]
[Black "Degeorges, Mathis"]
[Result "1-0"]
[WhiteElo "2411"]
[BlackElo "2065"]
[Annotator "Godart,François"]
[PlyCount "61"]
[EventDate "2017.07.15"]

1. d4 Nf6 2. Nf3 c5 3. d5 g6 4. c4 b5 5. cxb5 a6 6. bxa6 Bxa6 7. Nc3 d6 8. e4
Bxf1 9. Kxf1 Bg7 10. g3 O-O 11. Kg2 Nbd7 12. a4 Ra6 13. Ra3 Qa8 14. b3 Rb8 15.
Qe2 Rb4 16. Nd2 e6 17. dxe6 fxe6 18. Nb5 Ne8 19. f3 Qc6 (19... Nb6 20. Qd3 c4
21. Nxc4 Nxc4 22. bxc4 Qc6 23. Bf4 Rxc4 24. Rd1 Bf8 25. Qb3 d5 26. exd5 exd5
27. Ra2 Rb4 28. Qxd5+ Qxd5 29. Rxd5 Raxa4 30. Rxa4 Rxa4 31. Rd8 Kf7 32. Rd7+
Kg8 33. Nc3 Ra6 34. Ne4 h6 35. Be5 Re6 36. f4 Re7 37. Rd8 Re6 38. Kf3 Bg7 39.
Nd6 Bxe5 40. fxe5 {1-0 Godart,F (2422)-Sclacmender,J (2209)/Charleroi BEL 2015/
The Week in Chess 1083}) 20. Rd1 Ra8 21. Nc4 d5 22. exd5 exd5 23. Ne3 Nef6 24.
Nc2 Re8 25. Qf1 d4 26. Nxb4 cxb4 27. Nxd4 Qc3 28. Ra2 Nd5 29. Rc2 Ne3+ 30. Bxe3
Qxe3 31. Re2 1-0

[Event "8e Festival de Vaujany 2017 - principal"]
[Site "?"]
[Date "2017.07.15"]
[Round "3.11"]
[White "Pelagatti, Alessandro"]
[Black "Collas, Didier"]
[Result "0-1"]
[WhiteElo "2115"]
[BlackElo "2376"]
[PlyCount "85"]

1. d4 Nf6 2. Bf4 c5 3. e3 Nd5 4. Bg3 Qb6 5. b3 cxd4 6. exd4 Nc6 7. Nf3 Qb4+ 8.
Qd2 Qxd2+ 9. Kxd2 g6 10. c3 d6 11. Bd3 Bh6+ 12. Kc2 Nf4 13. Bxf4 Bxf4 14. Re1
Bg4 15. Nbd2 Rc8 16. Kb2 d5 17. h3 Bd7 18. b4 Bf5 19. Bxf5 gxf5 20. g3 Bxd2 21.
Nxd2 Rg8 22. Nb3 b6 23. Nc1 e6 24. Nd3 Nd8 25. a4 Nb7 26. a5 bxa5 27. bxa5 Nd6
28. Nc5 Rb8+ 29. Kc2 Nc4 30. Ra2 Ke7 31. Rb1 Rxb1 32. Kxb1 h5 33. Ra4 h4 34.
gxh4 Rh8 35. Rb4 Nxa5 36. Rb5 Nc4 37. Rb7+ Kf6 38. Rxa7 Rxh4 39. Kc2 Rxh3 40.
Nd3 Rh2 41. Rd7 f4 42. Kd1 f3 43. Ke1 0-1